Central Library, Doon University
WEBOPAC (ONLINE PUBLIC ACCESS CATALOGUE)

Mathematical Olympiad (Record no. 60726)

MARC details
000 -LEADER
fixed length control field 00520nam a22001817a 4500
005 - DATE & TIME
control field 20260424130523.0
008 - FIXED-LENGTH DATA ELEMENTS--GENERAL INFORMATION
fixed length control field 260424b |||||||| |||| 00| 0 eng d
020 ## - ISBN
International Standard Book Number 9781944660765
Price 1195.00
040 ## - CATALOGING SOURCE
Original cataloging agency Doon University
041 ## - Language
Language English
082 ## - DDC NUMBER
Classification number 510.76
Book Number MAT
100 ## - MAIN ENTRY--PERSONAL NAME
Personal name Bin, Xiong (ed)
245 ## - TITLE STATEMENT
Title Mathematical Olympiad
Sub Title : In China (2015-2020) Problems And Solution
260 ## - PUBLICATION, DISTRIBUTION, ETC. (IMPRINT)
Place of publication, distribution, etc Singapore
Name of publisher, distributor, etc World Scientific
Date of publication, distribution, etc 2024
300 ## - PHYSICAL DESCRIPTION
Pages 344
Other Details Vol.17th
650 ## - Subject
Subject Mathematics (PM USHA)
942 ## - ADDED ENTRY ELEMENTS (KOHA)
Koha item type Books
100 ## - MAIN ENTRY--PERSONAL NAME
-- 26737
650 ## - Subject
-- 26738
952 ## - LOCATION AND ITEM INFORMATION (KOHA)
-- 2026-04-24
952 ## - LOCATION AND ITEM INFORMATION (KOHA)
-- 2026-04-24
952 ## - LOCATION AND ITEM INFORMATION (KOHA)
-- 2026-04-24
Holdings
Withdrawn status Lost status Source of classification or shelving scheme Damaged status Not for loan Location (home branch) Sublocation or collection (holding branch) Date acquired Koha issues (times borrowed) Koha full call number Accession No. Koha date last seen Koha item type
          Doon University Doon University 24.04.2026   510.76 MAT 32794 24.04.2026 Books
          Doon University Doon University 24.04.2026   510.76 MAT 32795 24.04.2026 Books
          Doon University Doon University 24.04.2026   510.76 MAT 32796 24.04.2026 Books
Contact : +91-135-2533126 (Library),+91-135-2533105 (Admin Office) , Email : doonlibrary@gmail.com

Powered by Koha